00429pab a2200145 454500008004000000100002300040245006600063260000900129300001400138362001100152650002900163650003700192650002000229773003400249180718b2006 xxu||||| |||| 00| 0 eng d aSubrahmanian, K.K. aEconomic growth in the regime of reforms: Kerala's experience c2006 ap.885-90. a11 Mar aEconomic reform - Kerala aEconomic growth - India - Kerala aEconomic growth aEconomic and Political Weekly